Informe ante la Junta General de Accionistas celebrada el día 23 de abril de 1960 / (Record no. 45577)

MARC details
000 -LEADER
campo de control de longitud fija 00584nam a2200181 i 4500
001 - NÚMERO DE CONTROL
campo de control 45577
003 - IDENTIFICADOR DE NÚMERO DE CONTROL
campo de control ES-MaACL
005 - FECHA Y HORA DE LA ÚLTIMA TRANSACCIÓN
campo de control 20230906161236.0
007 - CAMPO FIJO DE DESCRIPCIÓN FÍSICA--INFORMACIÓN GENERAL
campo de control de longitud fija t|
008 - DATOS DE LONGITUD FIJA--INFORMACIÓN GENERAL
campo de control de longitud fija 030326s1960 sp ||||1| spa d
100 1# - ENTRADA PRINCIPAL--NOMBRE DE PERSONA
Nombre de persona Collar, Gervasio.
9 (RLIN) 39673
245 10 - MENCIÓN DEL TÍTULO
Título Informe ante la Junta General de Accionistas celebrada el día 23 de abril de 1960 /
Mención de responsabilidad, etc. por Gervasio Collar.
260 ## - PUBLICACIÓN, DISTRIBUCIÓN, ETC.
Lugar de publicación, distribución, etc. [Bilbao :
Nombre del editor, distribuidor, etc. Eléxpuru,
Fecha de publicación, distribución, etc. 1960]
300 ## - DESCRIPCIÓN FÍSICA
Extensión 79 p., 9 lám., 1 gráf. pleg.
500 ## - NOTA GENERAL
Nota general Precede al tít.: Banco de Bilbao.
710 2# - ENTRADA AGREGADA--NOMBRE DE ENTIDAD CORPORATIVA
Nombre de entidad corporativa o nombre de jurisdicción como elemento de entrada Banco de Bilbao.
9 (RLIN) 2097
852 ## - LOCALIZACIÓN
Ubicación ES-MaACL
Número de control de estantería C-18882
Sublocalización o colección R.46086
Holdings
Estatus retirado Estado de pérdida Estado de daño No para préstamo Biblioteca de origen Biblioteca actual Ubicación en estantería Fecha de adquisición Fuente de adquisición Total de préstamos Signatura topográfica completa Código de barras Visto por última vez Precio de reemplazo Tipo de ítem Koha
        Biblioteca del Ateneo de Madrid Biblioteca del Ateneo de Madrid Galería 17/01/2008     C-18882 1047952 23/02/2023 23/02/2023 Libro impreso